[Event "BRA-ch U26"]
[Site "Brasilia"]
[Date "2019.04.26"]
[Round "6"]
[White "Jordao Barbosa, Marcio Ferre"]
[Black "Branchini, Fernando Luis Sakam"]
[Result "1/2-1/2"]
[WhiteElo "2132"]
[BlackElo "1968"]
[PlyCount "148"]
[EventDate "2019.04.23"]
[EventType "swiss"]
[EventRounds "7"]
[EventCountry "BRA"]
[SourceTitle "CBM 190 Extra"]
[Source "ChessBase"]
[SourceDate "2019.07.15"]
[SourceVersion "1"]
[SourceVersionDate "2019.07.15"]
[SourceQuality "1"]

1. e4 c6 2. Nf3 d5 3. Nc3 dxe4 4. Nxe4 Bf5 5. Ng3 Bg6 6. h4 Nf6 7. h5 Be4 8. Ng5 Bd5 9. c4 h6 10. Qb3 Qb6 11. Qxb6 axb6 12. Nh3 Be6 13. d4 Bxh3 14. Rxh3 e6 15. Bd3 Bb4+ 16. Ke2 Nbd7 17. a3 Ke7 18. Ne4 Nxe4 19. Bxe4 Nf6 20. Rb3 Nxe4 21. Rxb4 Ra6 22. Kf3 Nf6 23. g4 Rd8 24. Be3 Rd7 25. Rc1 Ne8 26. Rc3 Nd6 27. Bf4 Nc8 28. Ke3 Rxd4 29. Kxd4 c5+ 30. Kd3 cxb4 31. axb4 Ra4 32. Rb3 Ra1 33. c5 b5 34. Ra3 Rxa3+ 35. bxa3 f6 36. Bc1 Kd7 37. Ke4 Ne7 38. Bb2 f5+ 39. Kf4 fxg4 40. Bxg7 Nf5 41. Bf6 Kc6 42. Kxg4 Kd5 43. Kf4 Nd4 44. Bg7 Nf5 45. Bf8 Kd4 46. Bd6 Kd5 47. Be5 Ne7 48. Bg7 Nf5 49. Bf6 Nd4 50. Ke3 Nf5+ 51. Kd3 e5 52. f3 Ng3 53. Bg7 e4+ 54. fxe4+ Nxe4 55. Bxh6 Nf6 56. Kc3 Nxh5 57. Kb3 Nf6 58. a4 Kc6 59. a5 Kd5 60. Be3 Ng4 61. Bd4 Nh6 62. Kc3 Nf5 63. Bf2 Ne7 64. Kd3 Nc6 65. Be1 Nd8 66. Bh4 Nc6 67. Kc3 Ke4 68. Bf6 Na7 69. Bd8 Nc6 70. Bb6 Nb8 71. Kd2 Nc6 72. Kc3 Nb8 73. Kd2 Nc6 74. Kc3 Nb8 1/2-1/2

[Event "Sao Paulo Big Fun op"]
[Site "Sao Paulo"]
[Date "2014.09.28"]
[Round "5"]
[White "Dias, Joao Batista de Sou"]
[Black "Branchini, Fernando Luis Sakam"]
[Result "0-1"]
[WhiteElo "1871"]
[BlackElo "1977"]
[PlyCount "104"]
[EventDate "2014.09.25"]
[EventType "swiss"]
[EventRounds "6"]
[EventCountry "BRA"]
[SourceTitle "CBM 162 Extra"]
[Source "ChessBase"]
[SourceDate "2014.10.17"]
[SourceVersion "1"]
[SourceVersionDate "2014.10.17"]
[SourceQuality "1"]

1. e4 e6 2. d4 d5 3. Nc3 Nf6 4. exd5 exd5 5. Bd3 h6 6. Nge2 c6 7. Bf4 Bd6 8. Qd2 Bxf4 9. Qxf4 0-0 10. f3 Nh5 11. Qd2 Re8 12. 0-0-0 Qe7 13. g4 Nf6 14. g5 hxg5 15. Qxg5 Qe3+ 16. Qxe3 Rxe3 17. Rdf1 Bh3 18. Rf2 Nh5 19. Kd2 Re7 20. Rg1 Nd7 21. Ng3 Nf4 22. Bf5 g6 23. Bxd7 Bxd7 24. Re1 Rxe1 25. Kxe1 Kg7 26. Kd2 Kf6 27. Nd1 b6 28. Ne3 Rh8 29. c3 Be6 30. a3 c5 31. Ne2 Nxe2 32. Rxe2 cxd4 33. cxd4 Rh4 34. Kd3 Rh3 35. Rf2 Ke7 36. Nf1 g5 37. Ke3 f5 38. Ke2 f4 39. Nd2 Bd7 40. Kf1 Bb5+ 41. Kg2 Rh6 42. Nb1 Re6 43. Nc3 Bc4 44. Kh3 Kf6 45. Kg4 Re1 46. Rg2 Rh1 47. Ne2 Re1 48. Nc3 Rh1 49. Ne2 Rd1 50. h4 gxh4 51. Nxf4 Rxd4 52. Rh2 Ke5 0-1

[Event "BRA-ch Amateur"]
[Site "Sao Paulo"]
[Date "2014.03.04"]
[Round "7"]
[White "Branchini, Fernando Luis Sakam"]
[Black "Alboredo, Julia"]
[Result "1/2-1/2"]
[WhiteElo "1989"]
[BlackElo "1815"]
[PlyCount "71"]
[EventDate "2014.03.01"]
[EventType "swiss"]
[EventRounds "7"]
[EventCountry "BRA"]
[SourceTitle "EXT 2016"]
[Source "ChessBase"]
[SourceDate "2015.10.08"]
[SourceVersion "1"]
[SourceVersionDate "2015.10.08"]
[SourceQuality "1"]

1. e4 c5 2. Nc3 Nc6 3. g3 g6 4. f4 d6 5. Bg2 Bg7 6. Nf3 e6 7. 0-0 Nge7 8. d3 0-0 9. Ne2 Nd4 10. c3 Nxf3+ 11. Bxf3 d5 12. Be3 b6 13. Rc1 Rb8 14. g4 f5 15. gxf5 gxf5 16. Ng3 d4 17. Bf2 Ng6 18. Nh5 Bh6 19. Bg3 e5 20. fxe5 f4 21. Bf2 Nxe5 22. cxd4 Qg5+ 23. Kh1 Nxf3 24. Qxf3 Bg4 25. Qxg4 Qxg4 26. Rg1 Qxg1+ 27. Rxg1+ Kf7 28. dxc5 bxc5 29. Bxc5 Rg8 30. Rf1 Rxb2 31. Nxf4 Bxf4 32. Rxf4+ Ke6 33. h4 Rgg2 34. Bxa7 Rxa2 35. Bg1 Rgd2 36. d4 1/2-1/2

[Event "BRA-ch Amateur"]
[Site "Sao Paulo"]
[Date "2014.03.03"]
[Round "5"]
[White "Branchini, Fernando Luis Sakam"]
[Black "Frois, Vitor Amorim"]
[Result "1-0"]
[WhiteElo "1989"]
[BlackElo "1642"]
[PlyCount "83"]
[EventDate "2014.03.01"]
[EventType "swiss"]
[EventRounds "7"]
[EventCountry "BRA"]
[SourceTitle "EXT 2016"]
[Source "ChessBase"]
[SourceDate "2015.10.08"]
[SourceVersion "1"]
[SourceVersionDate "2015.10.08"]
[SourceQuality "1"]

1. e4 e6 2. d3 e5 3. g3 Nc6 4. Bg2 g6 5. f4 Bg7 6. Nf3 Nge7 7. 0-0 d6 8. Nc3 Nd4 9. Ne2 Nxe2+ 10. Qxe2 c5 11. c3 Nc6 12. f5 gxf5 13. exf5 Kd7 14. Ng5 Qe7 15. f6 Bxf6 16. Ne4 Bg7 17. Bg5 Qe6 18. Qh5 Rf8 19. Bh3 f5 20. Qxh7 Qf7 21. Bxf5+ Kc7 22. Bxc8 Raxc8 23. Rxf7+ Rxf7 24. Rf1 Rxf1+ 25. Kxf1 Rf8+ 26. Kg2 Rf7 27. Bf6 Kb6 28. Bxg7 d5 29. Qg6 Rd7 30. Nf6 Rd8 31. Qf7 d4 32. Nd5+ Ka6 33. Nc7+ Kb6 34. Ne6 Rc8 35. Qd7 Rb8 36. c4 a6 37. Qc7+ Ka7 38. Nxc5 e4 39. dxe4 d3 40. Nxd3 a5 41. Ne5 Ka6 42. Nxc6 1-0

[Event "BRA-ch Amateur"]
[Site "Sao Paulo"]
[Date "2014.03.02"]
[Round "3"]
[White "Branchini, Fernando Luis Sakam"]
[Black "Dias, Marcelo de Souza"]
[Result "1/2-1/2"]
[WhiteElo "1989"]
[BlackElo "1826"]
[PlyCount "119"]
[EventDate "2014.03.01"]
[EventType "swiss"]
[EventRounds "7"]
[EventCountry "BRA"]
[SourceTitle "EXT 2016"]
[Source "ChessBase"]
[SourceDate "2015.10.08"]
[SourceVersion "1"]
[SourceVersionDate "2015.10.08"]
[SourceQuality "1"]

1. e4 c5 2. Nc3 Nc6 3. g3 d6 4. f4 Nf6 5. Bg2 Bg4 6. Nf3 e5 7. f5 Nd4 8. h3 Bxf3 9. Bxf3 b5 10. Bg2 b4 11. Ne2 Be7 12. 0-0 a5 13. c3 Nxe2+ 14. Qxe2 Qb6 15. d4 cxd4 16. cxd4 Rc8 17. Be3 exd4 18. Bf2 Nd7 19. Rfd1 Bf6 20. Qd2 Ke7 21. Kh1 Rc7 22. Bxd4 Bxd4 23. Qxd4 Qxd4 24. Rxd4 Ne5 25. Rad1 Rd8 26. Rd5 Rc5 27. Kg1 Nc4 28. Rxc5 dxc5 29. Rc1 Nxb2 30. Rxc5 a4 31. e5 a3 32. Rb5 Rd1+ 33. Kh2 Nd3 34. Rb7+ Kd8 35. e6 fxe6 36. fxe6 Rd2 37. Kg1 Rd1+ 38. Kh2 Rd2 39. Kg1 Ne5 40. Rb5 Rxa2 41. e7+ Kxe7 42. Rxe5+ Kf6 43. Ra5 b3 44. Be4 b2 45. Rb5 Ra1+ 46. Kf2 g6 47. h4 Rf1+ 48. Kxf1 a2 49. Rxb2 a1Q+ 50. Rb1 Qd4 51. Re1 h6 52. Bf3 g5 53. hxg5+ hxg5 54. g4 Qf4 55. Kg2 Qb4 56. Re2 Qc3 57. Re4 Qc1 58. Re2 Qa3 59. Re4 Kg7 60. Re2 1/2-1/2

[Event "Sao Paulo Hebraica op 17th"]
[Site "Sao Paulo"]
[Date "2014.01.12"]
[Round "6"]
[White "Abrantes, Tiago Garrido"]
[Black "Branchini, Fernando Luis Sakam"]
[Result "1/2-1/2"]
[WhiteElo "2154"]
[BlackElo "1986"]
[PlyCount "79"]
[EventDate "2014.01.09"]
[EventType "swiss"]
[EventRounds "6"]
[EventCountry "BRA"]
[SourceTitle "CBM 158 Extra"]
[Source "ChessBase"]
[SourceDate "2014.02.28"]
[SourceVersion "1"]
[SourceVersionDate "2014.02.28"]
[SourceQuality "1"]

1. c4 Nf6 2. Nc3 g6 3. g3 Bg7 4. Bg2 d6 5. e3 Nbd7 6. Nge2 0-0 7. 0-0 e5 8. d4 c6 9. b3 Ne8 10. dxe5 Nxe5 11. h3 f5 12. Bb2 Nf7 13. Qc2 Nf6 14. Rad1 Qc7 15. Nd4 Re8 16. Kh2 Ng5 17. b4 Nfe4 18. Nxe4 Nxe4 19. Nb3 Bxb2 20. Qxb2 Be6 21. f3 Ng5 22. f4 Nf7 23. Qc3 Rad8 24. Rfe1 Nh6 25. Bf3 Qf7 26. Rd4 Qf6 27. Qd2 Nf7 28. Qc1 d5 29. cxd5 Bxd5 30. Bxd5 Rxd5 31. Rxd5 cxd5 32. Qd2 Qd6 33. Rc1 Qe7 34. Re1 Qd6 35. a3 Rc8 36. Rc1 Rxc1 37. Qxc1 Qa6 38. Qc8+ Kg7 39. Qc3+ Kg8 40. Qc8+ 1/2-1/2

[Event "Sao Paulo Hebraica op 17th"]
[Site "Sao Paulo"]
[Date "2014.01.11"]
[Round "4"]
[White "Schwertner, Joao Victor Moreir"]
[Black "Branchini, Fernando Luis Sakam"]
[Result "0-1"]
[WhiteElo "1742"]
[BlackElo "1986"]
[PlyCount "30"]
[EventDate "2014.01.09"]
[EventType "swiss"]
[EventRounds "6"]
[EventCountry "BRA"]
[SourceTitle "CBM 158 Extra"]
[Source "ChessBase"]
[SourceDate "2014.02.28"]
[SourceVersion "1"]
[SourceVersionDate "2014.02.28"]
[SourceQuality "1"]

1. e4 e6 2. Nf3 d5 3. exd5 exd5 4. d4 Nf6 5. Bd3 Be7 6. 0-0 Bg4 7. Nbd2 0-0 8. b3 Bb4 9. Bb2 Bxd2 10. Qxd2 Bxf3 11. gxf3 Nh5 12. Kh1 Qf6 13. Be2 Nf4 14. Rg1 Re8 15. Rxg7+ Kxg7 0-1

[Event "Sao Paulo Hebraica op 17th"]
[Site "Sao Paulo"]
[Date "2014.01.09"]
[Round "1"]
[White "Branchini, Fernando Luis Sakam"]
[Black "Hoshino, Meilin"]
[Result "1-0"]
[WhiteElo "1986"]
[BlackElo "1483"]
[PlyCount "87"]
[EventDate "2014.01.09"]
[EventType "swiss"]
[EventRounds "6"]
[EventCountry "BRA"]
[SourceTitle "CBM 158 Extra"]
[Source "ChessBase"]
[SourceDate "2014.02.28"]
[SourceVersion "1"]
[SourceVersionDate "2014.02.28"]
[SourceQuality "1"]

1. e4 c5 2. Nf3 e6 3. d4 cxd4 4. Nxd4 a6 5. g3 b5 6. Bg2 Bb7 7. 0-0 d6 8. a3 Nd7 9. Nc3 Be7 10. f4 Qc7 11. Be3 Ngf6 12. f5 e5 13. Nb3 0-0 14. g4 Rfd8 15. g5 Ne8 16. Kh1 g6 17. fxg6 hxg6 18. Nd5 Bxd5 19. Qxd5 Nef6 20. gxf6 Nxf6 21. Qd2 Rac8 22. Bg5 Nh7 23. Bxe7 Qxe7 24. Rf2 f6 25. Raf1 Rf8 26. Rd1 Rcd8 27. Na5 Qc7 28. Qd5+ Rf7 29. Nc6 Rdd7 30. Bh3 Rde7 31. Nxe7+ Qxe7 32. Be6 Ng5 33. Bxf7+ Nxf7 34. Rdf1 Kg7 35. Rxf6 Ng5 36. h4 Kh6 37. hxg5+ Kxg5 38. Qd2+ Kh5 39. Qh2+ Kg5 40. Qg1+ Kh5 41. Qxg6+ Kh4 42. Qh6+ Kg4 43. Rg6+ Qg5 44. Rxg5# 1-0

[Event "Ribeira Valley op 9th"]
[Site "Registro"]
[Date "2013.08.01"]
[Round "6"]
[White "Languidey, Simon Alejandro"]
[Black "Branchini, Fernando Luis Sakam"]
[Result "1-0"]
[WhiteElo "2279"]
[BlackElo "1985"]
[PlyCount "51"]
[EventDate "2013.07.30"]
[EventType "swiss"]
[EventRounds "9"]
[EventCountry "BRA"]
[SourceTitle "CBM 155 Extra"]
[Source "ChessBase"]
[SourceDate "2013.08.26"]
[SourceVersion "1"]
[SourceVersionDate "2013.08.26"]
[SourceQuality "1"]

1. e4 e6 2. d4 d5 3. Nc3 Nf6 4. Bg5 Be7 5. e5 Nfd7 6. Bxe7 Qxe7 7. Qh5 a6 8. Nf3 c5 9. dxc5 Nxc5 10. Bd3 Nxd3+ 11. cxd3 Nc6 12. 0-0 b5 13. Ne2 Bb7 14. Nf4 0-0 15. d4 h6 16. Nd3 Rab8 17. a3 Na5 18. Nc5 Rbc8 19. b4 Nc4 20. a4 Rc7 21. Ra2 Rd8 22. Ne1 Rxc5 23. bxc5 b4 24. Nd3 a5 25. c6 Bxc6 26. Nc5 1-0

[Event "Ribeira Valley op 9th"]
[Site "Registro"]
[Date "2013.07.30"]
[Round "2"]
[White "Umetsubo, Cesar Hidemitsu"]
[Black "Branchini, Fernando Luis Sakam"]
[Result "1-0"]
[WhiteElo "2298"]
[BlackElo "1985"]
[PlyCount "89"]
[EventDate "2013.07.30"]
[EventType "swiss"]
[EventRounds "9"]
[EventCountry "BRA"]
[SourceTitle "CBM 155 Extra"]
[Source "ChessBase"]
[SourceDate "2013.08.26"]
[SourceVersion "1"]
[SourceVersionDate "2013.08.26"]
[SourceQuality "1"]

1. d4 d5 2. Bf4 Nf6 3. e3 e6 4. Nf3 Be7 5. Nbd2 0-0 6. Bd3 c5 7. c3 b6 8. Ne5 Ba6 9. Bxa6 Nxa6 10. Nc6 Qd7 11. Nxe7+ Qxe7 12. 0-0 Rfc8 13. Re1 h6 14. Qf3 Nc7 15. Rad1 Nce8 16. e4 dxe4 17. Nxe4 Nxe4 18. Qxe4 cxd4 19. Rxd4 Rd8 20. Red1 Nf6 21. Qd3 Rd5 22. c4 Rxd4 23. Qxd4 Rc8 24. b3 Qc5 25. Qxc5 Rxc5 26. Rd8+ Kh7 27. f3 e5 28. Be3 Rc7 29. Kf2 Rd7 30. Ra8 e4 31. Ke2 exf3+ 32. gxf3 Kg6 33. a4 Rb7 34. b4 Kf5 35. a5 Nd7 36. f4 g5 37. fxg5 hxg5 38. Rg8 f6 39. a6 Rc7 40. Rg7 Ke6 41. c5 bxc5 42. Bxc5 Kd5 43. Kd2 Kc6 44. Bf2 Nb6 45. b5+ 1-0

[Event "Sao Paulo Braga Memorial 2nd"]
[Site "Sao Paulo"]
[Date "2013.07.08"]
[Round "4"]
[White "Borges, Guilherme Deola"]
[Black "Branchini, Fernando Luis Sakam"]
[Result "1-0"]
[WhiteElo "2146"]
[BlackElo "1977"]
[PlyCount "71"]
[EventDate "2013.07.05"]
[EventType "swiss"]
[EventRounds "9"]
[EventCountry "BRA"]
[SourceTitle "CBM 155 Extra"]
[Source "ChessBase"]
[SourceDate "2013.08.26"]
[SourceVersion "1"]
[SourceVersionDate "2013.08.26"]
[SourceQuality "1"]

1. d4 d5 2. Bg5 Nf6 3. Bxf6 exf6 4. g3 g6 5. Bg2 Bg7 6. c4 dxc4 7. Na3 f5 8. e3 c6 9. Nxc4 Be6 10. Rc1 Bxc4 11. Rxc4 Qa5+ 12. Qd2 Qxa2 13. Rb4 Qa1+ 14. Ke2 Qa6+ 15. Qd3 0-0 16. Nh3 Qxd3+ 17. Kxd3 Na6 18. Rxb7 Rfb8 19. Bxc6 Rxb7 20. Bxb7 Nb4+ 21. Kc4 Rb8 22. Kxb4 Rxb7+ 23. Kc5 Bf8+ 24. Kc6 Rxb2 25. Ra1 Rb6+ 26. Kd7 Rb7+ 27. Kc8 Rb2 28. Rxa7 g5 29. Ra5 g4 30. Nf4 Rxf2 31. Rxf5 Rxh2 32. Rg5+ Kh8 33. Rxg4 h5 34. Rg5 Bh6 35. Rf5 Kg7 36. d5 1-0

[Event "BRA-ch Amateur"]
[Site "Sao Paulo"]
[Date "2013.02.12"]
[Round "7"]
[White "Branchini, Fernando Luis Sakam"]
[Black "Juliani, Sidney"]
[Result "1-0"]
[WhiteElo "1976"]
[BlackElo "1858"]
[PlyCount "69"]
[EventDate "2013.02.09"]
[EventType "swiss"]
[EventRounds "7"]
[EventCountry "BRA"]
[SourceTitle "CBM 152 Extra"]
[Source "ChessBase"]
[SourceDate "2013.02.25"]
[SourceVersion "1"]
[SourceVersionDate "2013.02.25"]
[SourceQuality "1"]

1. e4 c5 2. Nf3 g6 3. d4 cxd4 4. Nxd4 Bg7 5. Nc3 Nc6 6. Be3 Nf6 7. Be2 0-0 8. 0-0 d6 9. Nb3 b6 10. f4 Bb7 11. Bf3 Bh6 12. Qd2 Qd7 13. h3 Rac8 14. Nd5 Bg7 15. Rad1 Nxd5 16. exd5 Nb8 17. Nd4 h5 18. f5 Ba6 19. Be2 Bxe2 20. Qxe2 Qa4 21. fxg6 fxg6 22. Ne6 Rxf1+ 23. Rxf1 Bf6 24. c3 Qe4 25. Qd2 Nd7 26. Bg5 Kh7 27. Bxf6 exf6 28. Rxf6 Nxf6 29. Ng5+ Kg7 30. Nxe4 Nxe4 31. Qd4+ Nf6 32. g4 hxg4 33. hxg4 Kf7 34. Qf4 Ke7 35. Qe3+ 1-0

[Event "Sao Paulo Politechnic School 2nd"]
[Site "Sao Paulo"]
[Date "2013.01.18"]
[Round "9"]
[White "Branchini, Fernando Luis Sakam"]
[Black "Sztokbant, Bernardo Vainzoff"]
[Result "0-1"]
[WhiteElo "1976"]
[BlackElo "2062"]
[PlyCount "98"]
[EventDate "2013.01.12"]
[EventType "tourn"]
[EventRounds "9"]
[EventCountry "BRA"]
[SourceTitle "EXT 2015"]
[Source "ChessBase"]
[SourceDate "2014.11.20"]
[SourceVersion "1"]
[SourceVersionDate "2014.11.20"]
[SourceQuality "1"]

1. e4 e5 2. Nf3 Nc6 3. Bb5 a6 4. Ba4 Nf6 5. d3 b5 6. Bb3 Be7 7. 0-0 0-0 8. Re1 d6 9. c3 Na5 10. Bc2 c5 11. Nbd2 Re8 12. Nf1 Nc6 13. h3 Bf8 14. d4 cxd4 15. cxd4 Bd7 16. dxe5 dxe5 17. Bg5 Be6 18. Bb3 Qxd1 19. Raxd1 Bb4 20. Re2 Bxb3 21. axb3 Nh5 22. g4 Nf4 23. Bxf4 exf4 24. Nd4 Ne5 25. Nc2 Bf8 26. Nh2 g6 27. Kg2 Nc6 28. f3 Bg7 29. g5 Bxb2 30. Nb4 Nxb4 31. Rxb2 Rad8 32. Rbd2 Nc6 33. Ng4 Rxd2+ 34. Rxd2 Rd8 35. Nf6+ Kf8 36. Nxh7+ Ke7 37. Rxd8 Kxd8 38. Nf6 a5 39. Nd5 Nd4 40. b4 a4 41. Nc3 Kd7 42. h4 a3 43. Na2 Ke6 44. Kh3 Ke5 45. Kg4 Nc2 46. h5 gxh5+ 47. Kxh5 Ne3 48. g6 fxg6+ 49. Kxg6 Nf1 0-1

[Event "Sao Paulo Politechnic School 2nd"]
[Site "Sao Paulo"]
[Date "2013.01.15"]
[Round "6"]
[White "Farah, Daniel Landshoff"]
[Black "Branchini, Fernando Luis Sakam"]
[Result "1/2-1/2"]
[WhiteElo "1951"]
[BlackElo "1976"]
[PlyCount "21"]
[EventDate "2013.01.12"]
[EventType "tourn"]
[EventRounds "9"]
[EventCountry "BRA"]
[SourceTitle "EXT 2015"]
[Source "ChessBase"]
[SourceDate "2014.11.20"]
[SourceVersion "1"]
[SourceVersionDate "2014.11.20"]
[SourceQuality "1"]

1. e4 e6 2. d4 d5 3. exd5 exd5 4. Bd3 Bd6 5. Nf3 Nf6 6. Qe2+ Qe7 7. Qxe7+ Bxe7 8. Bf4 c6 9. c3 0-0 10. 0-0 Bg4 11. Nbd2 1/2-1/2